[Event "Hillerod 100th Ann op"]
[Site "Hillerod"]
[Date "2020.02.11"]
[Round "5"]
[White "Gukesh, Dommaraju"]
[Black "Zeng, Chongsheng"]
[Result "1/2-1/2"]
[WhiteElo "2542"]
[BlackElo "2567"]
[PlyCount "60"]
[EventDate "2020.02.08"]
[EventType "swiss"]
[EventRounds "9"]
[EventCountry "DEN"]
[SourceTitle "CBM 194 Extra"]
[Source "ChessBase"]
[SourceDate "2020.03.31"]
[SourceVersion "1"]
[SourceVersionDate "2020.03.31"]
[SourceQuality "1"]

1. d4 Nf6 2. c4 e6 3. Nc3 Bb4 4. e3 O-O 5. Bd2 c5 6. a3 Bxc3 7. Bxc3 Ne4 8. Rc1 d6 9. Nf3 Nc6 ({RR} 9... Qe7 10. Bd3 Nxc3 11. Rxc3 e5 12. dxe5 dxe5 13. Be4 Nd7 14. O-O Nf6 15. Qc2 Nxe4 16. Qxe4 f6 17. Rd1 Be6 18. Rcd3 Rad8 19. h3 b6 20. Qc6 Bxc4 21. Rd7 Qe8 22. Qc7 Rxd7 23. Rxd7 Rf7 24. Rxf7 {Omarsson,J (2030)-Birkisson,B (2128) Blonduos ISL 2025 ½-½ (65)}) 10. Bd3 Nxc3 11. Rxc3 cxd4 12. Nxd4 $146 ({RR} 12. exd4 e5 13. Be4 Bg4 14. dxe5 dxe5 15. Qb1 h6 16. O-O Qc7 17. Re1 Nd4 18. Nxd4 exd4 19. Rcc1 Be6 20. c5 Rfd8 21. Qd3 Rac8 22. b4 b6 23. c6 Ra8 24. b5 a6 25. a4 axb5 26. axb5 Ra4 {Goganov,A (2557)-Ter Sahakyan,S (2607) Tsaghkadzor 2021 1-0 (35)}) 12... d5 13. Qc2 g6 14. Nf3 dxc4 15. Bxc4 Qe7 16. O-O Rd8 17. b4 Bd7 18. Bd3 Rac8 19. Rc1 Qd6 20. Be4 f5 21. Rd1 Qb8 22. Bd3 Ne5 23. Be2 Nxf3+ 24. Bxf3 Rxc3 25. Qxc3 Bc6 26. Qb3 Rxd1+ 27. Qxd1 Bxf3 28. Qxf3 Qc7 29. g3 Kf7 30. h4 h5 1/2-1/2

[Event "FIDE Candidates 2024"]
[Site "Toronto CAN"]
[Date "2024.04.18"]
[Round "12.3"]
[White "Abasov, N.."]
[Black "Gukesh, D.."]
[Result "0-1"]
[WhiteElo "2632"]
[BlackElo "2743"]
[PlyCount "114"]
[EventDate "2024.04.04"]

1. d4 Nf6 2. c4 e6 3. Nc3 Bb4 4. Qc2 h6 5. Nf3 c5 6. dxc5 Na6 7. g3 Nxc5 8. Bg2 Nce4 9. O-O Nxc3 10. bxc3 Bc5 11. e4 $146 ({RR} 11. Nd4 O-O 12. Rb1 d6 13. Nb3 Qc7 14. Nxc5 dxc5 15. Rd1 Rb8 16. f4 b6 17. e4 e5 18. fxe5 Ng4 19. Bf4 Nxe5 20. Rd5 f6 21. Rbd1 Be6 22. Bxe5 fxe5 23. Rd6 Rf6 24. R1d2 Rbf8 25. h4 Qf7 {Ivanisevic,I (2527)-Maurizzi,M (2605) Darfo Boario Terme ITA 2025 0-1 (38)}) 11... Nh7 12. e5 Rb8 13. Nd2 b6 14. Ne4 Bb7 15. h4 Qc7 16. Rd1 Bxe4 17. Qxe4 O-O 18. Bf4 Rfd8 19. Rd2 Nf8 20. h5 b5 21. cxb5 Rxb5 22. Bf1 Rb6 23. Rad1 Rdb8 24. a4 Rb3 25. Rd3 Ra3 26. Rf3 Qc6 27. Qxc6 dxc6 28. Rfd3 Rxa4 29. Bg2 Ra2 30. R1d2 Rxd2 31. Rxd2 Rc8 32. Be4 a5 33. Bc2 g5 34. hxg6 Nxg6 35. Kg2 Kg7 36. Ba4 Ne7 37. c4 Rb8 38. Ra2 Bb4 39. Kf3 Rd8 40. Be3 Rd3 41. Ke2 Rc3 42. c5 Nd5 43. Rc2 Rxc2+ 44. Bxc2 a4 45. Kd3 a3 46. Bb3 Kg6 47. Bd4 Kg5 48. Kc4 Be1 49. Kd3 Kg4 50. Bd1+ Kg5 51. Bb3 Kf5 52. Kc4 Ke4 53. Bd1 a2 54. f3+ Kf5 55. Bc2+ Kg5 56. Bb3 Bxg3 57. Bxa2 h5 0-1

[Event "Airthings Masters Play-In"]
[Site "chess.com INT"]
[Date "2023.02.03"]
[Round "3"]
[White "Cardoso Cardoso, Jose Gabriel"]
[Black "Gukesh, D.."]
[Result "0-1"]
[WhiteElo "2498"]
[BlackElo "2718"]
[PlyCount "70"]
[EventDate "2023.02.03"]

1. d4 Nf6 2. c4 e6 3. Nc3 Bb4 4. Qc2 O-O 5. a3 Bxc3+ 6. Qxc3 b6 7. e3 Bb7 8. Nf3 d6 9. b4 Nbd7 10. Bb2 a5 11. Be2 Ne4 12. Qc2 ({RR} 12. Qb3 axb4 13. axb4 Rxa1+ 14. Bxa1 b5 15. O-O bxc4 16. Qxc4 Nb6 17. Qc2 f5 18. Rc1 Nd5 19. Bb2 Rf7 20. b5 h6 21. Ra1 Ndf6 22. Nd2 Nxd2 23. Qxd2 Ne4 24. Qd3 Rf6 25. Qc2 Rg6 26. Bf3 Qb8 {Gelfand,B (2720)-Jakovenko,D (2709) Sochi 2008 ½-½ (42)}) 12... f5 ({RR} 12... c5 13. bxc5 bxc5 14. O-O cxd4 15. exd4 Qc7 16. Bd3 Nef6 17. Qe2 Rfc8 18. Rfc1 Rab8 19. Rab1 Ba6 20. h3 h6 21. Nd2 Rb7 22. Bc3 Rxb1 23. Rxb1 e5 24. Qe3 exd4 25. Bxd4 Ne5 26. Bf1 Nfd7 27. Qg3 {Donchenko,A (2615)-Deuer,M (2479) Munich GER 2025 1-0 (33)}) 13. O-O Rf6 $146 ({RR} 13... Qe7 14. d5 Ndf6 15. Nd4 exd5 16. f3 Ng5 17. Nxf5 Qe6 18. h4 Nf7 19. cxd5 Bxd5 20. e4 Bb3 21. Nd4 Bxc2 22. Nxe6 c5 23. Nxf8 Kxf8 24. Bc4 Nd7 25. Rfc1 Ba4 26. Bd5 Ra7 27. Bc3 Nfe5 28. bxa5 {Kilgus,G (2418)-Horvath,A (2528) Zalakaros 2013 1-0 (43)}) 14. d5 Rg6 15. dxe6 Nf8 16. c5 dxc5 17. bxc5 Nxc5 18. Qxf5 Nfxe6 19. Rad1 Qe7 20. Kh1 Rf8 21. Qe5 Qf7 22. Qh5 Ne4 23. Be5 Qe7 24. Bg3 Nc3 25. Nh4 Rg5 26. Rc1 Rxh5 27. Bxh5 Ne4 28. Be2 N6c5 29. Nf3 Nxg3+ 30. hxg3 Ne4 31. Kg1 Nxg3 32. Bc4+ Kh8 33. fxg3 Qxe3+ 34. Kh2 Bxf3 35. Rce1 Qc5 0-1

[Event "86th Tata Steel Masters"]
[Site "Wijk aan Zee NED"]
[Date "2024.01.24"]
[Round "10.5"]
[White "Donchenko, Alexa"]
[Black "Gukesh, D.."]
[Result "0-1"]
[WhiteElo "2643"]
[BlackElo "2725"]
[PlyCount "114"]
[EventDate "2024.01.13"]

1. d4 Nf6 2. c4 e6 3. Nc3 Bb4 4. e3 O-O 5. Bd3 d5 6. cxd5 exd5 7. a3 Bd6 8. Qc2 c6 9. Nge2 Re8 10. Bd2 Nbd7 11. f3 c5 ({RR} 11... Nf8 12. O-O-O b5 13. e4 b4 14. axb4 Bxb4 15. e5 N6d7 16. Na4 Rb8 17. Qxc6 Bxd2+ 18. Rxd2 Bb7 19. Qd6 Re6 20. Qa3 Ba6 21. Bc2 Bxe2 22. Rxe2 Ra6 23. Qd3 Qa5 24. e6 fxe6 25. Rhe1 Rc6 26. Nc3 {So,W (2776)-Anand,V (2751) Warsaw 2022 0-1}) 12. h4 Nb6 13. g4 Nc4 $146 ({RR} 13... Kh8 14. O-O-O Bd7 15. Kb1 Rc8 16. Ka2 Be6 17. Ka1 Qe7 18. dxc5 Bxc5 19. Nf4 Bxa3 20. Nxe6 fxe6 21. Bb5 Red8 22. bxa3 d4 23. Qb3 dxc3 24. Bxc3 Rxd1+ 25. Rxd1 Nfd5 26. Bb2 Qxh4 27. e4 Nf4 28. Qe3 {Tamas,C (2106)-Kilic,E (2459) Eforie Nord ROU 2025 0-1 (46)}) 14. Bxc4 dxc4 15. d5 Rb8 16. h5 b5 17. g5 Nd7 18. f4 Bf8 19. h6 g6 20. Rd1 Nb6 21. Kf2 b4 22. Ne4 Bf5 23. N2g3 Rxe4 24. Nxe4 Qe7 25. Nf6+ Qxf6 26. e4 Qd4+ 27. Kf3 Qxd5 28. Bxb4 Bxe4+ 29. Qxe4 Qxe4+ 30. Kxe4 cxb4 31. axb4 Bxb4 32. Rd4 Bc5 33. Rd2 Bb4 34. Rd4 Bc5 35. Rd2 f5+ 36. gxf6 Kf7 37. Ra1 Rb7 38. Rd8 Kxf6 39. Ra6 Re7+ 40. Kf3 Kf7 41. Rh8 Ke6 42. Ra8 Bd4 43. R8xa7 Rxa7 44. Rxa7 Nc8 45. Rc7 Nd6 46. Rxh7 Nf7 47. Rg7 Bxg7 48. hxg7 Nh6 49. Ke4 Kd6 50. Kd4 Nf5+ 51. Kxc4 Nxg7 52. Kd4 Nf5+ 53. Ke4 Ke6 54. b4 Ne7 55. Kf3 Kf5 56. b5 Nd5 57. Kg3 Nxf4 0-1

[Event "FIDE Grand Swiss"]
[Site "Riga"]
[Date "2021.11.06"]
[Round "10"]
[White "Georgiev, Kiril"]
[Black "Gukesh, Dommaraju"]
[Result "0-1"]
[WhiteElo "2577"]
[BlackElo "2640"]
[PlyCount "72"]
[EventDate "2021.10.27"]
[EventType "swiss"]
[EventRounds "11"]
[EventCountry "LAT"]
[SourceTitle "CBM 205"]
[Source "ChessBase"]
[SourceDate "2021.11.30"]
[SourceVersion "1"]
[SourceVersionDate "2021.11.30"]
[SourceQuality "1"]

1. d4 Nf6 2. c4 e6 3. Nf3 d5 4. Nc3 Bb4 5. e3 O-O 6. Bd2 b6 7. a3 Bd6 ({RR} 7... Be7 8. Nxd5 exd5 9. Rc1 Ba6 10. Qa4 c5 11. dxc5 bxc5 12. Bc3 Ne4 13. Be5 Bxc4 14. Bxc4 dxc4 15. Qxc4 Nf6 16. O-O Nbd7 17. Bc3 Nb6 18. Qe2 Qd5 19. Rfd1 Qe6 20. Ba5 Rfd8 21. Nd2 Rd7 22. Nf3 {Nakamura,H (2745)-Duda,J (2730) Chess.com INT 2019 0-1}) 8. Rc1 ({RR} 8. Qc2 Bb7 9. cxd5 exd5 10. Nb5 Ne4 11. Rc1 c5 12. Nxd6 Qxd6 13. Bd3 Nd7 14. O-O Rac8 15. Bc3 Rfe8 16. Rfe1 h6 17. dxc5 bxc5 18. Bxe4 Rxe4 19. Qd1 Qg6 20. h3 d4 21. exd4 cxd4 22. Rxe4 Bxe4 {Drazic,S (2246)-Radovic,L (2317) Senta SRB 2025 ½-½ (52)}) 8... a6 9. Bd3 Bb7 10. cxd5 $146 ({RR} 10. O-O Nbd7 11. b4 dxc4 12. Bxc4 e5 13. dxe5 Nxe5 14. Nxe5 Bxe5 15. Qe2 {½-½ (15) Piesik,P (2407)-Pacher,M (2437) Slovakia 2019}) 10... exd5 11. O-O Nbd7 12. Ne2 Qe7 13. Ng3 g6 14. Bb4 c5 15. dxc5 bxc5 16. Bc3 Rfd8 17. Re1 a5 18. Qa4 c4 19. Bb1 Nc5 20. Qd1 Nb3 21. Rc2 Ne4 22. Nxe4 dxe4 23. Nd4 Nc5 24. Qg4 Nd3 25. Rf1 Ne5 26. Qe2 Nf3+ 27. Nxf3 exf3 28. Qxc4 fxg2 29. Re1 Bf3 30. Ba2 Rac8 31. Qa4 Rc5 32. Rd2 Bc6 33. Qg4 Bxh2+ 34. Kxh2 Rxd2 35. Bxd2 Rh5+ 36. Kg3 Rg5 0-1

[Event "New Delhi op 19th"]
[Site "New Delhi"]
[Date "2022.03.29"]
[Round "10"]
[White "Gupta, Abhijeet"]
[Black "Gukesh, Dommaraju"]
[Result "0-1"]
[WhiteElo "2628"]
[BlackElo "2614"]
[PlyCount "116"]
[EventDate "2022.03.22"]
[EventType "swiss"]
[EventRounds "10"]
[EventCountry "IND"]
[SourceTitle "CBM 207 Extra"]
[Source "ChessBase"]
[SourceDate "2022.05.31"]
[SourceVersion "1"]
[SourceVersionDate "2022.05.31"]
[SourceQuality "1"]

1. d4 Nf6 2. c4 e6 3. Nc3 Bb4 4. a3 Bxc3+ 5. bxc3 d6 6. e3 O-O 7. Bd3 e5 8. Ne2 e4 9. Bb1 Be6 10. Ng3 Bxc4 11. Nxe4 Nxe4 ({RR} 11... Nbd7 12. Nxf6+ Nxf6 13. Bd3 b5 14. O-O d5 15. a4 a6 16. Ba3 Re8 17. Bxc4 bxc4 18. Qc2 Qd7 19. h3 h6 20. Rfe1 Rab8 21. Rab1 Qc6 22. Bb4 Rb7 23. a5 Rb5 24. f3 Re6 25. Re2 Rb8 26. Rbe1 {Manukyan,S (2216)-Bok,B (2621) chess.com INT 2024 0-1 (34)}) 12. Bxe4 Nc6 $146 ({RR} 12... d5 13. Bd3 Bxd3 14. Qxd3 Nd7 15. O-O f5 16. c4 Nb6 17. cxd5 Qxd5 18. Bd2 c5 19. Bc3 c4 20. Qc2 Rae8 21. Rae1 Rf6 22. Bb4 Rg6 23. f3 Rge6 24. e4 Qxd4+ 25. Kh1 fxe4 26. fxe4 h6 27. Rf4 {Quinn,D (1987)-Weber,S (2197) Helsingor 2018 0-1}) 13. Bd3 Na5 14. Rb1 d5 15. O-O b6 16. f3 f5 17. Rb2 Qd7 18. Re2 Rae8 19. Rfe1 b5 20. e4 Bxd3 21. Qxd3 fxe4 22. fxe4 dxe4 23. Rxe4 Qf5 24. h3 Nc4 25. Qe2 Rxe4 26. Qxe4 Qxe4 27. Rxe4 Kf7 28. Kf2 c6 29. Rh4 h6 30. Rg4 a5 31. h4 Ke6+ 32. Ke2 Rf7 33. Rg6+ Kd5 34. g3 a4 35. h5 Re7+ 36. Kd1 Na5 37. Bf4 Nc4 38. Bc1 c5 39. dxc5 Kxc5 40. Ra6 Ne3+ 41. Ke2 Ng4+ 42. Kf3 Ne5+ 43. Ke4 Kc4 44. Kf5 Kxc3 45. Rb6 Nc4 46. Rb8 Kc2 47. Bf4 Nxa3 48. Kg6 Kb3 49. g4 Re4 50. Kf5 Rxf4+ 51. Kxf4 b4 52. Rb7 Nc4 53. Rxg7 a3 54. Re7 a2 55. Re1 Ka3 56. g5 hxg5+ 57. Kxg5 b3 58. h6 b2 0-1

[Event "IND-ch 58th"]
[Site "Kanpur"]
[Date "2022.03.02"]
[Round "10"]
[White "Gupta, Abhijeet"]
[Black "Gukesh, Dommaraju"]
[Result "0-1"]
[WhiteElo "2628"]
[BlackElo "2614"]
[PlyCount "128"]
[EventDate "2022.02.25"]
[EventType "swiss"]
[EventRounds "11"]
[EventCountry "IND"]
[SourceTitle "CBM 207 Extra"]
[Source "ChessBase"]
[SourceDate "2022.05.31"]
[SourceVersion "1"]
[SourceVersionDate "2022.05.31"]
[SourceQuality "1"]

1. d4 Nf6 2. c4 e6 3. Nc3 Bb4 4. a3 Bxc3+ 5. bxc3 Nc6 6. f3 b6 7. e4 d6 8. Bd3 Na5 9. Bg5 h6 10. Bh4 g5 11. Bf2 Rg8 $146 ({RR} 11... Ba6 12. h4 Rg8 13. hxg5 hxg5 14. Ne2 Qe7 15. c5 Bxd3 16. Qxd3 d5 17. e5 Nd7 18. Qa6 Kd8 19. c6 Nf8 20. Ng3 Qe8 21. Nh5 Qxc6 22. Qd3 Nd7 23. Be3 Kc8 24. Qa6+ Qb7 25. Qxb7+ Kxb7 26. g4 {Derjabin,I (2333)-Grachev,A (2402) Moscow RUS 2024 0-1 (46)}) 12. Ne2 Ba6 13. O-O Qd7 14. d5 c5 15. dxc6 Nxc6 16. Nd4 Ne5 17. Nb5 Ke7 18. a4 Rgc8 19. Be2 Nxc4 20. Nd4 Nb2 21. Qc2 Bxe2 22. Qxe2 Nxa4 23. e5 Ne8 24. f4 Nxc3 25. Qh5 dxe5 26. fxe5 Kd8 27. Be3 Rc7 28. Nf3 Nd5 29. Rfd1 Rb8 30. Qxh6 Kc8 31. Bxg5 Kb7 32. h4 Qb5 33. Kh1 Rbc8 34. h5 Qb4 35. Rd4 Qb2 36. Rda4 a5 37. R4a2 Qb3 38. Bd2 Ra8 39. Ra3 Qc2 40. Qg5 f6 41. Qg4 fxe5 42. Qxe6 Nef6 43. Rc1 Qh7 44. Rxc7+ Qxc7 45. Qxe5 Qxe5 46. Nxe5 Nxh5 47. g4 Nhf6 48. g5 Ne4 49. Nf3 Nxd2 50. Nxd2 b5 51. Rd3 Nf4 52. Rf3 Nd5 53. Rf5 Kc6 54. Nb3 a4 55. Nd4+ Kc5 56. Nxb5 Kxb5 57. Rxd5+ Kc4 58. Rd7 a3 59. Rc7+ Kb3 60. Rb7+ Kc2 61. Rc7+ Kd2 62. Rd7+ Ke2 63. Re7+ Kf2 64. Rf7+ Kg3 0-1

[Event "85th Tata Steel Masters"]
[Site "Wijk aan Zee NED"]
[Date "2023.01.29"]
[Round "13.7"]
[White "Keymer, Vincent"]
[Black "Gukesh, D.."]
[Result "1/2-1/2"]
[WhiteElo "2696"]
[BlackElo "2725"]
[PlyCount "62"]
[EventDate "2023.01.14"]

1. d4 Nf6 2. c4 e6 3. Nf3 d5 4. Nc3 Bb4 5. e3 O-O 6. Bd2 b6 7. cxd5 exd5 8. Bd3 Re8 9. O-O Bd6 10. Re1 ({RR} 10. a3 c5 11. Rc1 c4 12. Bb1 Bg4 13. h3 Bh5 14. Qa4 Nbd7 15. Nh4 a6 16. Qc2 Ne4 17. Nf5 Bf3 18. Ng3 Bxg3 19. fxg3 Bh5 20. Nxd5 Be2 21. Rf4 Ndc5 22. dxc5 Bd3 23. Qd1 Qxd5 24. Be1 Qxc5 {Nakamura,H (2768)-So,W (2761) Saint Louis USA 2023 0-1 (62)}) ({RR} 10. Nb5 Bf8 11. Ne5 Bb7 12. f4 c5 13. Be1 Nbd7 14. Bh4 Be7 15. Bf5 Nf8 16. g4 a6 17. Nc3 Ne4 18. g5 Qc7 19. Rc1 Rad8 20. Rf3 Ng6 21. Rh3 Bd6 22. Qh5 Nxc3 23. Rxc3 Bxe5 24. fxe5 Bc8 {Witczak,B (2037)-Kowalski,W (2071) Warsaw POL 2025 1-0 (60)}) 10... Bg4 $146 ({RR} 10... Bb7 11. Qc2 c5 12. dxc5 bxc5 13. e4 c4 14. Bf1 dxe4 15. Ng5 Nbd7 16. Ncxe4 Nxe4 17. Nxe4 Bxh2+ 18. Kxh2 Qh4+ 19. Kg1 Bxe4 20. Qxc4 Nb6 21. Qb5 Re6 22. Qg5 Qxg5 23. Bxg5 h6 24. Be3 Rae8 25. Rac1 {Getman,T (2216)-Kleymenova,V (2057) Moscow RUS 2023 1-0 (43)}) 11. h3 Bh5 12. e4 dxe4 13. Nxe4 Nbd7 14. Bg5 Qc8 15. Bxf6 Nxf6 16. Nxf6+ gxf6 17. Be4 Rb8 18. Qd3 Bg6 19. Nh4 Qe6 20. Nxg6 hxg6 21. Qc3 Qd7 22. Qc4 Kg7 23. Bc6 Rxe1+ 24. Rxe1 Qf5 25. g3 Rh8 26. h4 Qg4 27. Re4 Qh3 28. Qf1 Qc8 29. Qe2 f5 30. Re8 Rxe8 31. Qxe8 Qxe8 1/2-1/2

[Event "Riga Tech op-A"]
[Site "Riga"]
[Date "2021.08.13"]
[Round "7"]
[White "Kovalenko, Igor"]
[Black "Gukesh, Dommaraju"]
[Result "1-0"]
[WhiteElo "2644"]
[BlackElo "2578"]
[PlyCount "99"]
[EventDate "2021.08.09"]
[EventType "swiss"]
[EventRounds "9"]
[EventCountry "LAT"]
[SourceTitle "CBM 203 Extra"]
[Source "ChessBase"]
[SourceDate "2021.09.30"]
[SourceVersion "1"]
[SourceVersionDate "2021.09.30"]
[SourceQuality "1"]

1. d4 Nf6 2. c4 e6 3. Nc3 Bb4 4. Nf3 O-O 5. e3 d5 6. Bd2 b6 7. Rc1 Bb7 8. cxd5 exd5 9. Bd3 Nbd7 10. O-O a6 11. a4 ({RR} 11. Ne5 Bd6 12. f4 Ne4 13. Be1 Ndf6 14. Bh4 Qe8 15. Qf3 c5 16. Bxf6 Nxf6 17. g4 Rd8 18. Rcd1 g6 19. g5 Nh5 20. Be2 f6 21. gxf6 Nxf6 22. Qg2 Qe7 23. Bf3 Kh8 24. Kh1 Qe6 25. a3 Rg8 {Giri,A (2764)-Radjabov,T (2765) chess24.com INT 2020 ½-½ (32)}) 11... Qe7 $146 ({RR} 11... Re8 12. Na2 Bd6 13. a5 c5 14. axb6 c4 15. Bc2 a5 16. b3 Nxb6 17. Nc3 Ne4 18. bxc4 Nxc4 19. Bxe4 Re6 20. Bxd5 Nxd2 21. Nxd2 Bxh2+ {0-1 (21) Boldoo,E (2371)-Batchuluun,T (2536) Chinggis City 2022}) 12. Na2 Bd6 13. a5 Ne4 14. axb6 cxb6 15. Qb3 b5 16. Ba5 Rfc8 17. h3 h5 18. Bb4 g5 19. Bxd6 Qxd6 20. Nc3 g4 21. hxg4 hxg4 22. Nh4 Ndf6 23. Qd1 Qe6 24. Ne2 g3 25. fxg3 Nxg3 26. Rf3 Nxe2+ 27. Bxe2 Kf8 28. Bd3 Ne4 29. Nf5 Qf6 30. Bxe4 dxe4 31. Rf4 Rxc1 32. Qxc1 Rc8 33. Qe1 Ke8 34. Qg3 Kd7 35. Nh4 Qe6 36. Qg5 Rc1+ 37. Kh2 Qd6 38. Nf5 Qe6 39. Nh6 Kc7 40. Rf6 Qd5 41. Qf4+ Kc8 42. Rf5 Qe6 43. Nxf7 Rc7 44. Rf6 Qe7 45. Nd6+ Kb8 46. Rf8+ Bc8 47. Nxc8 Qh7+ 48. Kg1 Kb7 49. Rf7 Rxf7 50. Nd6+ 1-0

[Event "Chennai GMs 2023"]
[Site "Chennai IND"]
[Date "2023.12.17"]
[Round "3.1"]
[White "Maghsoodloo, Parham"]
[Black "Gukesh, D.."]
[Result "1/2-1/2"]
[WhiteElo "2742"]
[BlackElo "2720"]
[PlyCount "60"]
[EventDate "2023.12.15"]

1. d4 Nf6 2. c4 e6 3. Nc3 Bb4 4. e3 O-O 5. Bd3 d5 6. Nf3 dxc4 7. Bxc4 c5 8. O-O cxd4 9. exd4 b6 10. Qe2 Bb7 11. Rd1 Nbd7 12. d5 exd5 13. Nxd5 Re8 14. Be3 Nxd5 15. Bxd5 Bxd5 16. Rxd5 Qc7 17. Qb5 Nf6 18. Rc1 Qb7 19. Rdd1 Bf8 20. a4 ({RR} 20. Bg5 a6 21. Qc6 Qxc6 22. Rxc6 Ne4 23. Be3 b5 24. Nd4 Nf6 25. h3 Nd5 26. Nc2 Re6 27. Rxe6 fxe6 28. Bd4 Rc8 29. Ne1 Be7 30. g3 Bf6 {½-½ (30) Sjugirov,S (2635)-Wang Hao (2701) Aktobe KAZ 2025}) 20... Rac8 $146 ({RR} 20... Rad8 21. a5 Rd5 22. a6 Qa8 23. Rxd5 Nxd5 24. Bd4 Nf4 25. Kf1 Rc8 26. Rc4 Rxc4 27. Qxc4 Qd5 28. Qxd5 Nxd5 29. Ne5 Nc7 30. Nc6 Nxa6 31. Nxa7 Bc5 32. Bxc5 Nxc5 33. Ke2 Kf8 34. Kd2 Ke8 35. Nc8 {Euwe,M-Unzicker,W Dortmund 1957 ½-½ (50)}) 21. Rxc8 Qxc8 22. h3 Rd8 23. Rxd8 Qxd8 24. Bd4 Nd5 25. Qc4 Nc7 26. g3 Ne6 27. Bc3 Nc5 28. Bd4 Qd7 29. Bxc5 Bxc5 30. b4 Bf8 1/2-1/2

[Event "Guimaraes op"]
[Site "Guimaraes"]
[Date "2021.08.26"]
[Round "5"]
[White "Mirzoev, Emil"]
[Black "Gukesh, Dommaraju"]
[Result "0-1"]
[WhiteElo "2437"]
[BlackElo "2578"]
[PlyCount "90"]
[EventDate "2021.08.24"]
[EventType "swiss"]
[EventRounds "9"]
[EventCountry "POR"]
[SourceTitle "CBM 204 Extra"]
[Source "ChessBase"]
[SourceDate "2022.09.12"]
[SourceVersion "1"]
[SourceVersionDate "2022.09.12"]
[SourceQuality "1"]

1. d4 Nf6 2. c4 e6 3. Nc3 Bb4 4. e3 d5 5. a3 Be7 6. Nf3 O-O 7. b4 a5 ({RR} 7... c6 8. Bb2 b6 9. c5 a5 10. Bd3 Nbd7 11. O-O Ba6 12. Ne1 e5 13. Bxa6 Rxa6 14. b5 exd4 15. bxa6 dxc3 16. Bxc3 Nxc5 17. Qe2 Qa8 18. Rb1 Nfe4 19. Bd4 b5 20. a7 Ne6 21. Nf3 Bxa3 22. Qc2 {Caruana,F (2766)-Carlsen,M (2859) chess.com INT 2022 ½-½ (72)}) ({RR} 7... b6 8. Bb2 Bb7 9. c5 Nc6 10. Bd3 Re8 11. O-O a5 12. b5 Na7 13. c6 Bc8 14. a4 Bd6 15. Ne5 h6 16. f4 Nh7 17. Qh5 Qe7 18. Rf3 Nf6 19. Qh4 Bxe5 20. fxe5 Nh7 21. Qh5 Ng5 22. Rg3 {Taboas Rodriguez,D (2360)-Clarke,A (1842) chess.com INT 2024 1-0}) 8. b5 b6 ({RR} 8... dxc4 9. Bxc4 b6 10. O-O c6 11. bxc6 Nxc6 12. e4 Bb7 13. Bb2 Rc8 14. Ba2 Na7 15. d5 exd5 16. e5 Ne4 17. Nxd5 Bc5 18. Nf4 Ba6 19. Qe1 Ng5 20. Nxg5 Qxg5 21. Qe4 Bxf1 22. Rxf1 Nb5 23. e6 {Korobov,A (2688)-Gukesh,D (2563) Chess.com INT 2020 1-0}) 9. cxd5 $146 ({RR} 9. Bd3 Bb7 10. O-O Nbd7 11. Bb2 Rc8 12. cxd5 exd5 13. Ne5 Bd6 14. f4 Nb8 15. Rf3 Ne4 16. Rh3 g6 17. Nxe4 dxe4 18. Bc4 Bxe5 19. dxe5 Qe7 20. e6 f6 21. a4 c5 22. f5 g5 23. Rh6 Rcd8 {Muha,M (2261)-Skuhala,J (2331) Croatia 2017 1-0}) 9... exd5 10. Bd3 c5 11. bxc6 Nxc6 12. O-O Bg4 13. Qb3 Bxf3 14. gxf3 Bd6 15. Nb5 Bb8 16. f4 Qd7 17. f3 Ne7 18. Qc2 Nf5 19. Bxf5 Qxb5 20. Rb1 Qa6 21. Qc6 Ba7 22. a4 Qc4 23. Qb5 Qxb5 24. Rxb5 g6 25. Bh3 Rfe8 26. Rf2 Re7 27. Rc2 Rd8 28. Rb3 Ne8 29. Rbc3 Nd6 30. Rc7 Rxc7 31. Rxc7 Bb8 32. Rc6 f5 33. Rxb6 Rc8 34. Rb1 Nc4 35. Bf1 Bd6 36. Kf2 Bb4 37. Ra1 Nb6 38. Ba3 Rc2+ 39. Kg3 Nc4 40. Bxb4 axb4 41. a5 b3 42. Bd3 Rd2 43. Bf1 b2 44. Rb1 Nxa5 45. e4 Nc4 0-1

[Event "chess.com Junior Speed"]
[Site "chess.com INT"]
[Date "2023.06.13"]
[Round "1.16"]
[White "Ohanyan, Emin"]
[Black "Gukesh, D.."]
[Result "0-1"]
[WhiteElo "2460"]
[BlackElo "2736"]
[PlyCount "64"]
[EventDate "2023.06.13"]
[EventType "k.o."]

1. d4 Nf6 2. c4 e6 3. Nf3 Nc6 4. Nc3 Bb4 5. Bd2 O-O 6. e3 d6 7. a3 Bxc3 8. Bxc3 Qe7 9. Be2 e5 10. O-O Ne4 $146 ({RR} 10... h6 11. Qc2 Bg4 12. dxe5 dxe5 13. h3 Bh5 14. b4 Bg6 15. Qb2 e4 16. Ne5 Nxe5 17. Bxe5 a5 18. Rfd1 Rfd8 19. c5 Ne8 20. Bc4 axb4 21. axb4 Rxd1+ 22. Rxd1 Bf5 23. Qd4 h5 24. Bd5 c6 25. Bb3 {Ghimoyan,N (2168)-Bazyrtsyrenov,K (2284) chess.com INT 2024 1-0 (70)}) 11. Be1 exd4 12. Nxd4 Bd7 13. f3 Nc5 14. Bf2 a5 15. b3 Rfe8 16. Re1 Qf6 17. Bf1 Nxd4 18. exd4 Rxe1 19. Bxe1 Nxb3 20. Rb1 a4 21. Bf2 Re8 22. Rb2 c5 23. Rxb3 axb3 24. Qxb3 cxd4 25. Qxb7 Bf5 26. Qc6 Rf8 27. a4 d3 28. Qd5 Bg6 29. a5 Qa1 30. h4 h5 31. Bb6 Qe1 32. Bf2 d2 0-1

[Event "Sitges Sunway op 6th"]
[Site "Sitges"]
[Date "2019.12.15"]
[Round "3"]
[White "Real de Azua, Ernesto"]
[Black "Gukesh, Dommaraju"]
[Result "1/2-1/2"]
[WhiteElo "2450"]
[BlackElo "2547"]
[PlyCount "116"]
[EventDate "2019.12.13"]
[EventType "swiss"]
[EventRounds "10"]
[EventCountry "ESP"]
[SourceTitle "CBM 193 Extra"]
[Source "ChessBase"]
[SourceDate "2020.01.31"]
[SourceVersion "1"]
[SourceVersionDate "2020.01.31"]
[SourceQuality "1"]

1. d4 d5 2. c4 e6 3. Nc3 Bb4 4. a3 Bxc3+ 5. bxc3 Nf6 6. e3 O-O 7. cxd5 exd5 8. Bd3 b6 9. Ne2 Ba6 10. O-O Re8 11. f3 c5 12. Ng3 Bxd3 13. Qxd3 Nc6 14. Bb2 c4 15. Qe2 h5 16. Rae1 h4 17. Nf5 Ne7 18. Nxe7+ ({RR} 18. Nxh4 g5 19. e4 gxh4 20. Bc1 Qd7 21. Bg5 Nh7 22. Bxh4 Ng6 23. Bg3 f6 24. Qc2 dxe4 25. fxe4 Kg7 26. Re3 Re7 27. Qe2 Rae8 28. h4 Qc6 29. e5 fxe5 30. h5 exd4 31. Rxe7+ Rxe7 32. Qf2 Ne5 {Navara,D (2727)-Aleksandrov,A (2593) Wroclaw 2014 ½-½ (38)}) ({RR} 18. Qc2 Nxf5 19. Qxf5 Qc8 20. Qc2 Qc6 21. Qf2 h3 22. gxh3 Re6 23. Kh1 Rae8 24. Rg1 Nd7 25. Rg5 Rh6 26. Qg2 g6 27. e4 dxe4 28. fxe4 Nf6 29. e5 Qxg2+ 30. Kxg2 Nd5 31. Bc1 Re6 32. Rg3 Rh5 {Arias Diaz,M (1984)-Aguilar,A (2281) Santiago CHI 2025 0-1 (69)}) 18... Qxe7 19. Qf2 h3 20. g4 Nh7 $146 ({RR} 20... b5 21. Bc1 a5 22. g5 Nh7 23. e4 Nxg5 24. Qg3 f6 25. Bxg5 fxg5 26. exd5 Qxa3 27. Rxe8+ Rxe8 28. Re1 Rxe1+ 29. Qxe1 Kf8 30. Qe6 Qc1+ 31. Kf2 Qd2+ 32. Kf1 Qg2+ 33. Ke1 Qh1+ 34. Ke2 Qxh2+ 35. Kd1 {Lagno,K (2536)-Koneru,H (2614) Rostov on Don 2011 ½-½ (48)}) 21. e4 dxe4 22. fxe4 Rac8 23. Bc1 Rc6 24. Qf3 Rg6 25. e5 Nf6 26. g5 Nh7 27. Qxh3 Nxg5 28. Bxg5 Rxg5+ 29. Kh1 Qxa3 30. Qf3 Qe7 31. d5 Rxe5 32. Rxe5 Qxe5 33. Qxf7+ Kh7 34. Qf3 Qe4 35. Qxe4+ Rxe4 36. d6 Re8 37. Rf7 Rd8 38. Rxa7 Rxd6 39. Rc7 Rd1+ 40. Kg2 Rd2+ 41. Kg1 b5 42. Rc5 Rb2 43. h4 Kg6 44. Kf1 Kh6 45. Rd5 Kh7 46. Rc5 Kg6 47. Rd5 Kh6 48. Rc5 g6 49. Rd5 Rb3 50. Kg2 Rxc3 51. Rxb5 Rd3 52. Rc5 c3 53. Kh2 Rd2+ 54. Kg3 c2 55. Rc7 Rd3+ 56. Kg4 Rd2 57. Kg3 Re2 58. Kg4 Rf2 1/2-1/2